| 000 -LEADER |
| fixed length control field |
00577nam a22001817a 4500 |
| 005 - DATE AND TIME OF LATEST TRANSACTION |
| control field |
20240326102101.0 |
| 008 - FIXED-LENGTH DATA ELEMENTS--GENERAL INFORMATION |
| fixed length control field |
240326c2002 ru ||||| |||| 00| 0 rus d |
| 022 ## - INTERNATIONAL STANDARD SERIAL NUMBER |
| International Standard Serial Number |
594375007X |
| 041 ## - LANGUAGE CODE |
| Language code of text/sound track or separate title |
rus |
| 245 ## - TITLE STATEMENT |
| Title |
Древности Боспора: |
| Remainder of title |
2002 / |
| Statement of responsibility, etc. |
Гл. ред. А.А. Масленников. |
| 260 ## - PUBLICATION, DISTRIBUTION, ETC. |
| Place of publication, distribution, etc. |
М., |
| Name of publisher, distributor, etc. |
|
| Date of publication, distribution, etc. |
2002. |
| 300 ## - PHYSICAL DESCRIPTION |
| Extent |
V. |
| 653 ## - INDEX TERM--UNCONTROLLED |
| Uncontrolled term |
ისტორია |
| 653 ## - INDEX TERM--UNCONTROLLED |
| Uncontrolled term |
არქეოლოგია |
| 653 ## - INDEX TERM--UNCONTROLLED |
| Uncontrolled term |
პერიოდიკა |
| 700 ## - ADDED ENTRY--PERSONAL NAME |
| Personal name |
Масленников, А.А. |
| Relator term |
რედაქტორი |
| 9 (RLIN) |
21581 |
| 942 ## - ADDED ENTRY ELEMENTS (KOHA) |
| Source of classification or shelving scheme |
|
| Koha item type |
პერიოდიკა |